000 00971nam a22003135i 4500
003 EG-ScBUE
005 20260308091825.0
008 170115s2010 ii a frd 001 0 eng d
020 _a9789380108179
040 _aEG-ScBUE
_beng
_erda
_cEG-ScBUE
_dEG-ScBUE
082 0 4 _a570.285
_bBER
_222
100 1 _aBerman, Jules J.,
_eauthor.
245 1 0 _aBiomedical informatics /
_cJules J. Berman.
250 _aFirst edition.
250 _aStudent edition.
264 1 _aNew Delhi :
_bJones and Bartlett,
_c2010.
300 _axviii, 459 pages :
_billustrations ;
_c24 cm
336 _2rdacontent
_atext
_btxt
337 _aunmediated
_2rdamedia
_bn
338 _avolume
_bnc
_2rdacarrier
500 _aIncludes glossary.
500 _aIncludes Appendices.
500 _aIncludes indexes.
650 7 _95545
_aBioinformatics.
_2BUEsh
650 7 _936271
_aMedical informatics.
_2BUEsh
653 _bCOMSCI
_cJanuary2017
655 _vReading book
942 _2ddc
_cBB
999 _c23928
_d23900